Словообразование как способ пополнения словарного состава современного китайского языка; Молодой ученый; № 11 (91)

Бібліографічні деталі
Parent link:Молодой ученый: ежемесячный научный журнал.— , 2008-
№ 11 (91).— 2015.— [С. 1613-1616]
Автор: Казарян А. А. Арегназ Арсеновна
Співавтор: Национальный исследовательский Томский политехнический университет (ТПУ) Институт международного образования и языковой коммуникации (ИМОЯК)
Інші автори: Демина А. В. Алена Владимировна, Хоречко У. В. Ульяна Викторовна
Резюме:Заглавие с экрана
Мова:Російська
Опубліковано: 2015
Серія:Филология
Предмети:
Онлайн доступ:http://www.moluch.ru/archive/91/20086/
Формат: MixedMaterials Електронний ресурс Частина з книги
KOHA link:https://koha.lib.tpu.ru/cgi-bin/koha/opac-detail.pl?biblionumber=642405

MARC

LEADER 00000nla0a2200000 4500
001 642405
005 20250203160441.0
035 |a (RuTPU)RU\TPU\network\7362 
090 |a 642405 
100 |a 20150624d2015 k||y0rusy50 ca 
101 0 |a rus 
102 |a RU 
135 |a drcn ---uucaa 
181 0 |a i  
182 0 |a b 
200 1 |a Словообразование как способ пополнения словарного состава современного китайского языка  |f А. А. Казарян, А. В. Демина, У. В. Хоречко 
203 |a Текст  |c электронный 
225 1 |a Филология 
300 |a Заглавие с экрана 
320 |a [Библиогр.: с. 1616 (10 назв.)] 
461 |t Молодой ученый  |o ежемесячный научный журнал  |d 2008- 
463 |t № 11 (91)  |v [С. 1613-1616]  |d 2015 
610 1 |a электронный ресурс 
610 1 |a труды учёных ТПУ 
610 1 |a китайский язык 
610 1 |a словарный состав 
610 1 |a словообразование 
700 1 |a Казарян  |b А. А.  |g Арегназ Арсеновна 
701 1 |a Демина  |b А. В.  |g Алена Владимировна 
701 1 |a Хоречко  |b У. В.  |c лингвист  |c доцент Томского политехнического университета, кандидат филологических наук  |f 1982-  |g Ульяна Викторовна  |3 (RuTPU)RU\TPU\pers\32475  |9 16423 
712 0 2 |a Национальный исследовательский Томский политехнический университет (ТПУ)  |b Институт международного образования и языковой коммуникации (ИМОЯК)  |3 (RuTPU)RU\TPU\col\17810 
801 2 |a RU  |b 63413507  |c 20150624  |g RCR 
856 4 0 |u http://www.moluch.ru/archive/91/20086/ 
942 |c CF